Consent, rights and choices in health care for children and young people / (Record no. 5813)
[ view plain ]
| 000 -LEADER | |
|---|---|
| fixed length control field | 01757cam a2200313Ma 4500 |
| 003 - CONTROL NUMBER IDENTIFIER | |
| control field | OSt |
| 005 - DATE AND TIME OF LATEST TRANSACTION | |
| control field | 20220623065621.0 |
| 008 - FIXED-LENGTH DATA ELEMENTS--GENERAL INFORMATION | |
| fixed length control field | 220623b ||||| |||| 00| 0 eng d |
| 020 ## - INTERNATIONAL STANDARD BOOK NUMBER | |
| International Standard Book Number | 0585394024 |
| 020 ## - INTERNATIONAL STANDARD BOOK NUMBER | |
| International Standard Book Number | 9780585394022 |
| 020 ## - INTERNATIONAL STANDARD BOOK NUMBER | |
| International Standard Book Number | 9780727912282 |
| 020 ## - INTERNATIONAL STANDARD BOOK NUMBER | |
| International Standard Book Number | 0727912283 |
| 040 ## - CATALOGING SOURCE | |
| Transcribing agency | ALUPE UNIVERSITY |
| 050 #4 - LIBRARY OF CONGRESS CALL NUMBER | |
| Classification number | RJ242 |
| Item number | .C66 2001 |
| 245 00 - TITLE STATEMENT | |
| Title | Consent, rights and choices in health care for children and young people / |
| Statement of responsibility, etc. | British Medical Association. |
| 260 ## - PUBLICATION, DISTRIBUTION, ETC. | |
| Place of publication, distribution, etc. | London : |
| Name of publisher, distributor, etc. | BMJ Books, |
| Date of publication, distribution, etc. | c2001. |
| 300 ## - PHYSICAL DESCRIPTION | |
| Extent | 1 online resource (xxix, 266 p.) |
| 340 ## - PHYSICAL MEDIUM | |
| Color content | polychrome |
| Source | rdacc |
| Authority record control number or standard number | http://rdaregistry.info/termList/RDAColourContent/1003 |
| 500 ## - GENERAL NOTE | |
| General note | Description based on print version record. |
| 504 ## - BIBLIOGRAPHY, ETC. NOTE | |
| Bibliography, etc. note | Includes bibliographical references and index. |
| 650 #0 - SUBJECT ADDED ENTRY--TOPICAL TERM | |
| Topical term or geographic name entry element | Children |
| General subdivision | Hospital care |
| Authority record control number or standard number | http://id.loc.gov/authorities/subjects/sh85023449 |
| Geographic subdivision | Great Britain. |
| Authority record control number or standard number | http://id.loc.gov/authorities/names/n79023147 |
| 650 #0 - SUBJECT ADDED ENTRY--TOPICAL TERM | |
| Topical term or geographic name entry element | Children |
| General subdivision | Health and hygiene |
| Authority record control number or standard number | http://id.loc.gov/authorities/subjects/sh85023425 |
| Geographic subdivision | Great Britain. |
| Authority record control number or standard number | http://id.loc.gov/authorities/names/n79023147 |
| 650 #0 - SUBJECT ADDED ENTRY--TOPICAL TERM | |
| Topical term or geographic name entry element | Children |
| General subdivision | Legal status, laws, etc. |
| Geographic subdivision | Great Britain. |
| Authority record control number or standard number | http://id.loc.gov/authorities/subjects/sh2008100418 |
| 650 #0 - SUBJECT ADDED ENTRY--TOPICAL TERM | |
| Topical term or geographic name entry element | Child health services |
| General subdivision | Law and legislation |
| Authority record control number or standard number | http://id.loc.gov/authorities/subjects/sh85023368 |
| Geographic subdivision | Great Britain. |
| Authority record control number or standard number | http://id.loc.gov/authorities/names/n79023147 |
| 710 2# - ADDED ENTRY--CORPORATE NAME | |
| Corporate name or jurisdiction name as entry element | British Medical Association. |
| Authority record control number or standard number | http://id.loc.gov/authorities/names/n80044893 |
| 776 08 - ADDITIONAL PHYSICAL FORM ENTRY | |
| Relationship information | Print version: |
| Title | Consent, rights and choices in health care for children and young people. |
| Place, publisher, and date of publication | London : BMJ Books, c2001 |
| International Standard Book Number | 0727912283 |
| 856 40 - ELECTRONIC LOCATION AND ACCESS | |
| Uniform Resource Identifier | https://login.proxy.lib.duke.edu/login?url=http://www.netlibrary.com/urlapi.asp?action=summary&v=1&bookid=66518 |
| 942 ## - ADDED ENTRY ELEMENTS (KOHA) | |
| Source of classification or shelving scheme | |
| Koha item type | Book |
| Suppress in OPAC | MM |
| Withdrawn status | Lost status | Source of classification or shelving scheme | Damaged status | Not for loan | Permanent Location | Current Location | Shelving location | Date acquired | Source of acquisition | Total Checkouts | Full call number | Barcode | Date last seen | Price effective from | Koha item type | Public note |
|---|---|---|---|---|---|---|---|---|---|---|---|---|---|---|---|---|
| AU LIBRARY | AU LIBRARY | Open Shelf | 23.06.2022 | DONATION FROM MOI UNIVERSITY | RJ242 .C66 2001 | 28000341 | 23.06.2022 | 23.06.2022 | Book | MM |